[Event "Plzen, FSB A"]
[Site "?"]
[Date "2000.??.??"]
[Round "8"]
[White "Ptacek, M."]
[Black "Pliva, V."]
[Result "1/2-1/2"]
[WhiteElo "2035"]
[BlackElo "2170"]
[PlyCount "20"]
[EventDate "2000.??.??"]
[Source "ChessBase"]
[SourceDate "1996.11.15"]

1. c4 Nf6 2. Nc3 g6 3. g3 Bg7 4. Bg2 c6 5. d4 O-O 6. Nf3 d5 7. cxd5 cxd5 8. O-O
Nc6 9. Bf4 Bf5 10. Rc1 h6 1/2-1/2

[Event "Plzen, FSB A"]
[Site "?"]
[Date "2000.??.??"]
[Round "8"]
[White "Kupka, F."]
[Black "Smistik, M."]
[Result "0-1"]
[WhiteElo "2005"]
[BlackElo "2165"]
[PlyCount "74"]
[EventDate "2000.??.??"]
[Source "ChessBase"]
[SourceDate "1996.11.15"]

1. e4 c5 2. Nf3 d6 3. Bb5+ Bd7 4. Bxd7+ Qxd7 5. O-O g6 6. c3 Bg7 7. Re1 d5 8.
d3 Nc6 9. Nbd2 Rd8 10. Qe2 d4 11. c4 e5 12. h3 Nge7 13. Nh2 O-O 14. Ndf1 f5 15.
Bg5 Rde8 16. Bxe7 Nxe7 17. Nd2 Nc8 18. Rf1 Bh6 19. Nhf3 Nd6 20. a3 b5 21. cxb5
Qxb5 22. Rab1 a5 23. Nc4 Nxc4 24. dxc4 Qb3 25. Ne1 fxe4 26. Qxe4 Qxc4 27. b3
Qc3 28. Nd3 Kh8 29. a4 Rf5 30. Rfd1 Bd2 31. f3 Qc2 32. Qc6 Ref8 33. Qb5 Be3+
34. Kh1 Rg5 35. g4 Rxf3 36. Qe8+ Kg7 37. Qd7+ Kh6 0-1

[Event "Plzen, FSB A"]
[Site "?"]
[Date "2000.??.??"]
[Round "8"]
[White "Bujak, M."]
[Black "Kreiser, U."]
[Result "1-0"]
[WhiteElo "1990"]
[BlackElo "2155"]
[PlyCount "31"]
[EventDate "2000.??.??"]
[Source "ChessBase"]
[SourceDate "1996.11.15"]

1. e4 Nf6 2. Nc3 d5 3. exd5 Nxd5 4. d4 e6 5. Nf3 Nd7 6. Bg5 f6 7. Nxd5 exd5 8.
Bf4 Nb6 9. Bd3 Bg4 10. h3 Bxf3 11. Qxf3 Bd6 12. Qh5+ Kf8 13. Bxd6+ Qxd6 14. O-O
Qf4 15. Rae1 Qxd4 16. Re6 1-0

[Event "Plzen, FSB A"]
[Site "?"]
[Date "2000.??.??"]
[Round "8"]
[White "Ungr, D."]
[Black "Hajek, J."]
[Result "1/2-1/2"]
[WhiteElo "2155"]
[BlackElo "2075"]
[PlyCount "114"]
[EventDate "2000.??.??"]
[Source "ChessBase"]
[SourceDate "1996.11.15"]

1. d4 Nf6 2. Nf3 g6 3. c4 c5 4. Nc3 cxd4 5. Nxd4 b6 6. e4 d6 7. Be2 Bb7 8. f3
Bg7 9. Be3 Nc6 10. Rc1 Nxd4 11. Bxd4 O-O 12. Qd2 Qd7 13. O-O Rfd8 14. Rc2 Rac8
15. Rd1 Qc7 16. Rdc1 Qb8 17. g4 Ne8 18. Bxg7 Nxg7 19. Nd5 Bxd5 20. cxd5 Ne8 21.
Ba6 Rxc2 22. Qxc2 Nf6 23. Qc7 Nd7 24. b4 Kg7 25. Kf2 g5 26. Bb5 Ne5 27. Qxe7 h6
28. Qc7 a6 29. Be2 a5 30. bxa5 bxa5 31. Qxa5 Rd7 32. a3 Qb2 33. Qc3 Qb6+ 34.
Kg2 Ra7 35. Rc2 Qb1 36. h3 Rxa3 37. Qb2 Rb3 38. Qxb1 Rxb1 39. Ra2 Rb6 40. Kf2
Kf6 41. Rc2 Ke7 42. Rc3 Kf6 43. h4 Rb2 44. h5 Rb6 45. Ke3 Rb2 46. Ra3 Rb6 47.
f4 gxf4+ 48. Kxf4 Nd7 49. Rf3 Ne5 50. Rc3 Nd7 51. Rg3 Rb4 52. Bf3 Rb3 53. Rg1
Ne5 54. Be2 Rb4 55. Ra1 Rb6 56. Ra5 Rb2 57. Ra6 Ke7 1/2-1/2

[Event "Plzen, FSB A"]
[Site "?"]
[Date "2000.??.??"]
[Round "8"]
[White "Sedlacek, J."]
[Black "Vyhnalek, B."]
[Result "0-1"]
[WhiteElo "1865"]
[BlackElo "2155"]
[PlyCount "56"]
[EventDate "2000.??.??"]
[Source "ChessBase"]
[SourceDate "1996.11.15"]

1. c4 Nc6 2. Nc3 Nf6 3. Nf3 d5 4. cxd5 Nxd5 5. g3 e5 6. Bg2 Be6 7. O-O Be7 8.
d4 exd4 9. Nxd4 Nxd4 10. Qxd4 Nxc3 11. Qxc3 O-O 12. Bxb7 Rb8 13. Bg2 Bf6 14.
Qc2 Qc8 15. e4 Rd8 16. Qe2 Bd4 17. e5 c5 18. a4 Rb4 19. Kh1 Bc4 20. Qh5 Bxf1
21. Bxf1 Bxb2 22. Bxb2 Rxb2 23. Re1 Rxf2 24. Bh3 Qc6+ 25. Kg1 Rdd2 26. Rb1 Rg2+
27. Kf1 Rdf2+ 28. Ke1 Qe4+ 0-1

[Event "Plzen, FSB A"]
[Site "?"]
[Date "2000.??.??"]
[Round "8"]
[White "Chrz, P."]
[Black "Vagner, T."]
[Result "1-0"]
[WhiteElo "2155"]
[BlackElo "2060"]
[PlyCount "75"]
[EventDate "2000.??.??"]
[Source "ChessBase"]
[SourceDate "1996.11.15"]

1. e4 c5 2. d4 cxd4 3. c3 dxc3 4. Nxc3 Nc6 5. Nf3 e6 6. Bc4 Nge7 7. Bg5 f6 8.
Be3 Ng6 9. O-O a6 10. Qe2 b5 11. Bb3 Bd6 12. Rfd1 Qe7 13. Qd2 Bc5 14. Bxc5 Qxc5
15. Rac1 Qe7 16. Nd5 Qd8 17. Nf4 Bb7 18. Qd6 Rc8 19. Nxe6 dxe6 20. Rxc6 Qxd6
21. Rcxd6 Nf8 22. Nd4 Ke7 23. Nxe6 Rc6 24. Nxg7 Rxd6 25. Nf5+ Kd7 26. Nxd6 Kc7
27. Ne8+ Kb6 28. Nxf6 a5 29. Rd8 Kc7 30. Re8 Bc6 31. Re7+ Kd6 32. Ra7 Ng6 33.
Bd5 Bxd5 34. Nxd5 Rc8 35. g3 Ke5 36. Rxa5 Kxe4 37. Nc3+ Kd3 38. Rxb5 1-0

[Event "Plzen, FSB A"]
[Site "?"]
[Date "2000.??.??"]
[Round "8"]
[White "Birkenmaier, R."]
[Black "Straka, Z."]
[Result "1/2-1/2"]
[WhiteElo "2150"]
[BlackElo "1890"]
[PlyCount "73"]
[EventDate "2000.??.??"]
[Source "ChessBase"]
[SourceDate "1996.11.15"]

1. d4 d5 2. Nf3 c6 3. Nbd2 Nf6 4. e3 Bf5 5. Bd3 Bxd3 6. cxd3 e6 7. O-O Be7 8.
b3 O-O 9. Bb2 Nbd7 10. Ne5 Re8 11. f4 g6 12. Rf3 Nf8 13. h4 h5 14. Rh3 N6h7 15.
g4 hxg4 16. Qxg4 Nf6 17. Qg2 Nh5 18. Ndf3 Bf6 19. Ng5 Bxe5 20. fxe5 Nh7 21. Rf1
Nxg5 22. hxg5 Qe7 23. Rxh5 gxh5 24. g6 fxg6 25. Rf6 Kh8 26. Qg5 Qh7 27. Ba3 Kg7
28. Qf4 Qg8 29. Kh2 Rf8 30. Bxf8+ Rxf8 31. e4 Rxf6 32. Qxf6+ Kh7 33. Kh3 g5 34.
Qf7+ Kh6 35. b4 Qg6 36. Qf8+ Kh7 37. Qe7+ 1/2-1/2

[Event "Plzen, FSB A"]
[Site "?"]
[Date "2000.??.??"]
[Round "8"]
[White "Svub, J."]
[Black "Houska, J."]
[Result "1-0"]
[WhiteElo "2110"]
[BlackElo "1840"]
[PlyCount "69"]
[EventDate "2000.??.??"]
[Source "ChessBase"]
[SourceDate "1996.11.15"]

1. d4 f5 2. c4 Nf6 3. Nc3 g6 4. g3 Bg7 5. Bg2 O-O 6. Nf3 d6 7. O-O Qe8 8. d5 c6
9. Rb1 Na6 10. Be3 Nc7 11. Qd3 e5 12. dxe6 Qe7 13. Bf4 Rd8 14. Rfd1 Nfe8 15.
Nd4 Nxe6 16. Nxe6 Bxe6 17. Qe3 Rd7 18. b3 Nf6 19. h3 Nh5 20. Bg5 Qf7 21. Rbc1
Be5 22. Rc2 f4 23. gxf4 Bxf4 24. Bxf4 Nxf4 25. Ne4 Re8 26. Rcd2 Bxh3 27. Bxh3
Nxh3+ 28. Qxh3 Rxe4 29. Rxd6 Rxd6 30. Rxd6 Rxe2 31. Rd8+ Re8 32. Rd7 Re7 33.
Rd8+ Kg7 34. Qc3+ Qf6 35. Rg8+ 1-0

[Event "Plzen, FSB A"]
[Site "?"]
[Date "2000.??.??"]
[Round "8"]
[White "Stehlik, J."]
[Black "Priborsky, M."]
[Result "1/2-1/2"]
[WhiteElo "2105"]
[BlackElo "1795"]
[PlyCount "34"]
[EventDate "2000.??.??"]
[Source "ChessBase"]
[SourceDate "1996.11.15"]

1. d4 Nf6 2. Nf3 g6 3. Nc3 Bg7 4. e4 d6 5. h3 O-O 6. Be3 Nbd7 7. Qd2 e5 8. dxe5
Nxe5 9. Nxe5 dxe5 10. Qxd8 Rxd8 11. Bc4 c6 12. a4 Bf8 13. O-O Nh5 14. Rad1 Be7
15. Rxd8+ Bxd8 16. Rd1 Be7 17. Ne2 Nf6 1/2-1/2

[Event "Plzen, FSB A"]
[Site "?"]
[Date "2000.??.??"]
[Round "8"]
[White "Sladek, J."]
[Black "Racek, J."]
[Result "1/2-1/2"]
[WhiteElo "2125"]
[BlackElo "2130"]
[PlyCount "22"]
[EventDate "2000.??.??"]
[Source "ChessBase"]
[SourceDate "1996.11.15"]

1. e4 c6 2. d4 d5 3. exd5 cxd5 4. Nf3 Nc6 5. c3 Bf5 6. Bd3 Bxd3 7. Qxd3 e6 8.
Bf4 Bd6 9. Bxd6 Qxd6 10. Nbd2 Nf6 11. O-O O-O 1/2-1/2

[Event "Plzen, FSB A"]
[Site "?"]
[Date "2000.??.??"]
[Round "8"]
[White "Ceplecha, T."]
[Black "Hallerova, E."]
[Result "0-1"]
[WhiteElo "2005"]
[BlackElo "2150"]
[PlyCount "120"]
[EventDate "2000.??.??"]
[Source "ChessBase"]
[SourceDate "1996.11.15"]

1. c4 g6 2. Nc3 Bg7 3. d4 f5 4. g3 Nf6 5. Bg2 O-O 6. Nf3 d6 7. O-O Nc6 8. Re1
e5 9. d5 Ne7 10. e4 a5 11. Rb1 h6 12. Nd2 f4 13. a3 Ng4 14. h3 fxg3 15. fxg3
Nf2 16. Qb3 Bxh3 17. Re2 Bxg2 18. Rxf2 Bh3 19. Qxb7 Qd7 20. Rxf8+ Rxf8 21. Qa7
Qg4 22. Qe3 h5 23. Kh2 Kh7 24. Qe2 Qd7 25. b4 axb4 26. axb4 Bh6 27. c5 h4 28.
gxh4 Bf4+ 29. Kg1 Bg4 30. Qe1 Ng8 31. c6 Qc8 32. Nf1 Bf3 33. Bxf4 Rxf4 34. Nh2
Qh3 35. Rb2 Nf6 36. b5 Nxe4 37. Nxe4 Bxe4 38. b6 cxb6 39. c7 Bxd5 40. Rc2 Be6
41. Qc3 Qxc3 42. Rxc3 Bc8 43. Rg3 b5 44. Rd3 Rc4 45. Rd5 b4 46. Rb5 Rxc7 47.
Rxb4 Kg7 48. Ng4 Bxg4 49. Rxg4 Kf6 50. Kf2 Rc3 51. Ke2 Rh3 52. Kf2 Rd3 53. Ke2
Rd4 54. Rg1 Rxh4 55. Ke3 Kf5 56. Rf1+ Rf4 57. Ra1 g5 58. Ra8 Kg4 59. Rg8 Ra4
60. Re8 e4 0-1

[Event "Plzen, FSB A"]
[Site "?"]
[Date "2000.??.??"]
[Round "8"]
[White "Bantle, M."]
[Black "Vreugdenhil, F."]
[Result "1/2-1/2"]
[WhiteElo "1970"]
[BlackElo "2145"]
[PlyCount "54"]
[EventDate "2000.??.??"]
[Source "ChessBase"]
[SourceDate "1996.11.15"]

1. d4 d5 2. c4 e5 3. dxe5 d4 4. g3 Nc6 5. Nf3 Be6 6. b3 Qd7 7. Bg2 O-O-O 8. O-O
h5 9. h4 Nh6 10. a3 Ng4 11. Bg5 Be7 12. Bxe7 Qxe7 13. Nbd2 Ngxe5 14. Nxe5 Nxe5
15. Nf3 Nxf3+ 16. Bxf3 g5 17. Qd2 gxh4 18. Qb4 c5 19. Qa5 b6 20. Qa4 hxg3 21.
Qc6+ Qc7 22. Qxc7+ Kxc7 23. fxg3 Rdg8 24. Kf2 h4 25. gxh4 Rxh4 26. Rh1 Rgh8 27.
Rxh4 Rxh4 1/2-1/2

[Event "Plzen, FSB A"]
[Site "?"]
[Date "2000.??.??"]
[Round "8"]
[White "Balcar, M."]
[Black "Kriz, L."]
[Result "1/2-1/2"]
[WhiteElo "1955"]
[BlackElo "2130"]
[PlyCount "93"]
[EventDate "2000.??.??"]
[Source "ChessBase"]
[SourceDate "1996.11.15"]

1. e4 c5 2. Nf3 e6 3. d4 cxd4 4. Nxd4 a6 5. g3 d5 6. Bg2 e5 7. Nf3 d4 8. O-O
Nc6 9. c3 Bg4 10. Qb3 Qc7 11. cxd4 Bxf3 12. Bxf3 Nxd4 13. Qc3 Qxc3 14. bxc3
Nxf3+ 15. Kg2 Nxh2 16. Kxh2 Nf6 17. Nd2 O-O-O 18. Nc4 Nd7 19. Be3 b5 20. Na5
Bc5 21. Rfe1 Kc7 22. a4 Kb6 23. axb5 axb5 24. Reb1 Bxe3 25. Nc4+ Kc5 26. Nxe3
Ra8 27. Nd5 Rxa1 28. Rxa1 Nb6 29. Nb4 Rd8 30. Ra7 Rd7 31. Ra6 f6 32. Kg2 Rb7
33. Kf3 Kc4 34. Kg4 Kb3 35. Kf5 Na4 36. Nd5 Nxc3 37. f4 Nxd5 38. exd5 exf4 39.
gxf4 g5 40. Rxf6 gxf4 41. Ke6 b4 42. d6 Kc2 43. Rxf4 b3 44. d7 Rxd7 45. Kxd7 b2
46. Rf2+ Kc3 47. Rxb2 1/2-1/2

[Event "Plzen, FSB A"]
[Site "?"]
[Date "2000.??.??"]
[Round "8"]
[White "Priborsky, I."]
[Black "Reitinger, P."]
[Result "1/2-1/2"]
[WhiteElo "1955"]
[BlackElo "2120"]
[PlyCount "60"]
[EventDate "2000.??.??"]
[Source "ChessBase"]
[SourceDate "1996.11.15"]

1. e4 Nf6 2. e5 Nd5 3. d4 d6 4. c4 Nb6 5. exd6 cxd6 6. Nf3 g6 7. Be3 Bg7 8. Bd3
O-O 9. O-O Nc6 10. Nbd2 e5 11. d5 Ne7 12. Ne1 Nf5 13. Bxf5 Bxf5 14. Rc1 h5 15.
Qb3 Re8 16. a4 Qc7 17. c5 dxc5 18. Rxc5 Qd7 19. Rb5 Rad8 20. Bxb6 axb6 21. Nc4
Be4 22. Nxb6 Qf5 23. a5 h4 24. Na4 h3 25. g3 Qf6 26. Nc3 Bf3 27. Rb6 Qf5 28.
Qc2 e4 29. Qd2 Bxc3 30. Qxc3 Rxd5 1/2-1/2

[Event "Plzen, FSB A"]
[Site "?"]
[Date "2000.??.??"]
[Round "8"]
[White "Nielsen, T."]
[Black "Kovarik, J."]
[Result "1/2-1/2"]
[WhiteElo "2115"]
[BlackElo "2010"]
[PlyCount "109"]
[EventDate "2000.??.??"]
[Source "ChessBase"]
[SourceDate "1996.11.15"]

1. e4 c5 2. Nf3 Nc6 3. d4 cxd4 4. Nxd4 a6 5. Nc3 Nf6 6. Be3 e6 7. a3 Qc7 8. Be2
Be7 9. Qd2 b5 10. f3 Bb7 11. Nxc6 Bxc6 12. Bd3 b4 13. Nb1 bxa3 14. Nxa3 d5 15.
exd5 Nxd5 16. Bf2 Nf4 17. O-O Nxd3 18. Qxd3 Bxa3 19. Qxa3 Bb5 20. Rfc1 f6 21.
c4 Bc6 22. b4 Kf7 23. Qe3 Qd6 24. Re1 Rhe8 25. Rab1 Qd7 26. Qc5 Red8 27. Red1
Qb7 28. Rd6 Rxd6 29. Qxd6 Qd7 30. Qxd7+ Bxd7 31. Rd1 Ke7 32. Bc5+ Ke8 33. Ra1
Bc6 34. Bb6 Ke7 35. Kf2 Kd7 36. Ke3 Kc8 37. Rd1 Kb7 38. Ba5 Rc8 39. Rd6 e5 40.
b5 axb5 41. cxb5 Be8 42. Re6 Kb8 43. Re7 Bxb5 44. Rxg7 Rc2 45. Rg8+ Kb7 46. Bd2
Rc8 47. Rxc8 Kxc8 48. f4 exf4+ 49. Kxf4 Bd3 50. g4 Kd7 51. Bc3 Ke6 52. h4 Kf7
53. Ba5 Kg6 54. Bd8 Bc2 55. Ba5 1/2-1/2

[Event "Plzen, FSB A"]
[Site "?"]
[Date "2000.??.??"]
[Round "8"]
[White "Pokrupa, M."]
[Black "Foglar, S."]
[Result "1-0"]
[WhiteElo "2085"]
[BlackElo "2005"]
[PlyCount "104"]
[EventDate "2000.??.??"]
[Source "ChessBase"]
[SourceDate "1996.11.15"]

1. e4 c5 2. Nf3 Nc6 3. Bb5 g6 4. Bxc6 dxc6 5. d3 Bg7 6. Nc3 Bg4 7. h3 Bxf3 8.
Qxf3 e5 9. O-O Ne7 10. Be3 b6 11. a4 a5 12. Ra3 O-O 13. Rb3 Rb8 14. Qe2 Qd6 15.
Nb1 b5 16. Na3 bxa4 17. Nc4 Qc7 18. Ra3 Rb5 19. Rfa1 f5 20. f3 Nc8 21. Rxa4 Nb6
22. Nxb6 Qxb6 23. b3 fxe4 24. dxe4 Ra8 25. Qc4+ Kh8 26. Bd2 Qd8 27. Bc3 Ra7 28.
Qe6 c4 29. Qxc6 Rb6 30. Qc5 cxb3 31. cxb3 Qb8 32. Rc4 h6 33. Qc8+ Qxc8 34.
Rxc8+ Kh7 35. b4 a4 36. Rc5 a3 37. Ra2 Bf8 38. Ra5 Rab7 39. R2xa3 Bxb4 40. Bxb4
Rxb4 41. Rxe5 R4b6 42. Ra8 Rc7 43. Rea5 Rbb7 44. R5a6 h5 45. h4 Rf7 46. Rd8
Rb1+ 47. Kh2 Rb2 48. Kh3 Rc2 49. Rdd6 Rg7 50. Rd5 Rgc7 51. Rg5 Rg7 52. Rd6 Re2
1-0

[Event "Plzen, FSB A"]
[Site "?"]
[Date "2000.??.??"]
[Round "8"]
[White "Priborsky, J."]
[Black "Krejcik, J."]
[Result "0-1"]
[WhiteElo "1940"]
[BlackElo "2080"]
[PlyCount "98"]
[EventDate "2000.??.??"]
[Source "ChessBase"]
[SourceDate "1996.11.15"]

1. e4 e5 2. Nf3 Nf6 3. Nc3 d6 4. d4 Nbd7 5. dxe5 dxe5 6. Bc4 Bb4 7. Qe2 h6 8.
O-O O-O 9. Nd5 Nxd5 10. Bxd5 c6 11. Bb3 Qe7 12. c3 Ba5 13. Be3 Nc5 14. Qc2 Bc7
15. h3 a5 16. Bc4 b5 17. Be2 f5 18. Bxc5 Qxc5 19. exf5 Bxf5 20. Bd3 Bxh3 21.
Bh7+ Kh8 22. Nh4 e4 23. Qxe4 Rfe8 24. Qd3 Be6 25. Bg6 Bc4 26. Qh3 Re5 27. Bd3
Bxd3 28. Qxd3 Rd8 29. Ng6+ Kh7 30. Nxe5+ Rxd3 31. Nxd3 Qd6 32. Rfd1 Qh2+ 33.
Kf1 Qh1+ 34. Ke2 Qxg2 35. Rg1 Qe4+ 36. Kd2 c5 37. Rge1 Qf5 38. Ke2 c4 39. Nc1
Bb6 40. Rf1 g5 41. Ke1 Qc2 42. Ne2 Qxb2 43. Rd1 b4 44. cxb4 c3 45. Rd7+ Kg6 46.
Rd6+ Kf7 47. f4 Qb1+ 48. Rd1 c2 49. fxg5+ Kg6 0-1

[Event "Plzen, FSB A"]
[Site "?"]
[Date "2000.??.??"]
[Round "8"]
[White "Strnad, J."]
[Black "Vladyka, V."]
[Result "1/2-1/2"]
[WhiteElo "1920"]
[BlackElo "2065"]
[PlyCount "83"]
[EventDate "2000.??.??"]
[Source "ChessBase"]
[SourceDate "1996.11.15"]

1. Nf3 Nf6 2. g3 g6 3. Bg2 Bg7 4. c4 c5 5. Nc3 Nc6 6. O-O O-O 7. d3 d6 8. Rb1
Bd7 9. e3 Qc8 10. Bd2 Bh3 11. a3 Bxg2 12. Kxg2 a5 13. Qe2 Qd7 14. Nb5 Ne5 15.
d4 Nxf3 16. Qxf3 cxd4 17. exd4 Qc6 18. Rfc1 Qxf3+ 19. Kxf3 Rfc8 20. d5 Nd7 21.
Ke2 Ne5 22. b3 h5 23. f4 Ng4 24. h3 Nh6 25. Bc3 Bxc3 26. Rxc3 Kg7 27. Kf3 Ng8
28. Rbc1 b6 29. Re1 Kf6 30. Nd4 Rc7 31. Rce3 a4 32. Nc6 axb3 33. Rxb3 e6 34.
Ree3 Ne7 35. Nxe7 Kxe7 36. Rxb6 Rxc4 37. g4 hxg4+ 38. hxg4 Raa4 39. Rb7+ Kf8
40. dxe6 Rxf4+ 41. Ke2 fxe6 42. Rxe6 1/2-1/2

[Event "Plzen, FSB A"]
[Site "?"]
[Date "2000.??.??"]
[Round "8"]
[White "Pfiender, H."]
[Black "Kracik, D."]
[Result "1/2-1/2"]
[WhiteElo "1905"]
[BlackElo "2045"]
[PlyCount "109"]
[EventDate "2000.??.??"]
[Source "ChessBase"]
[SourceDate "1996.11.15"]

1. e4 c5 2. d4 cxd4 3. c3 d5 4. exd5 Qxd5 5. cxd4 Nc6 6. Nf3 e6 7. Nc3 Bb4 8.
Be2 Nf6 9. O-O Qd8 10. Bg5 O-O 11. Ne4 Be7 12. Ng3 b6 13. Rc1 Bb7 14. Be3 Nb4
15. a3 Nbd5 16. Bd3 Rc8 17. Qe2 Qd6 18. Ne5 Rxc1 19. Bxc1 Rc8 20. Bd2 Bf8 21.
Re1 g6 22. h4 Bg7 23. h5 Re8 24. h6 Bh8 25. Bb5 Rc8 26. Bd3 Re8 27. Ba6 Ba8 28.
Rc1 Ne7 29. Qc4 Qd5 30. Qxd5 Nfxd5 31. Bd3 Rc8 32. Rxc8+ Nxc8 33. Ba6 Nd6 34.
Bd3 Kf8 35. Kf1 Ke7 36. Ke2 Bb7 37. f3 a6 38. Ne4 Nf5 39. Bc3 Nxc3+ 40. bxc3
Nxh6 41. Nc4 b5 42. Na5 Bc8 43. Nc5 Kd6 44. a4 Nf5 45. axb5 axb5 46. Bxb5 Bxd4
47. Ne4+ Kc7 48. cxd4 Nxd4+ 49. Ke3 Nxb5 50. Ng5 Nd6 51. Nxh7 Kd7 52. Kf4 Ke7
53. Nc6+ Kd7 54. Ne5+ Ke7 55. Nc6+ 1/2-1/2

[Event "Plzen, FSB A"]
[Site "?"]
[Date "2000.??.??"]
[Round "8"]
[White "Drahorad, D."]
[Black "Vanek, T."]
[Result "0-1"]
[WhiteElo "1815"]
[BlackElo "2030"]
[PlyCount "54"]
[EventDate "2000.??.??"]
[Source "ChessBase"]
[SourceDate "1996.11.15"]

1. e4 e5 2. Nc3 Bc5 3. Nf3 d6 4. d3 Ne7 5. Be2 Nbc6 6. Be3 O-O 7. O-O f5 8.
Bxc5 dxc5 9. exf5 Nxf5 10. Ne4 Qe7 11. c3 b6 12. h3 Nd6 13. Nfd2 Bd7 14. Bf3
Rae8 15. Re1 Kh8 16. Ng3 Qh4 17. Nde4 Rf7 18. Nxd6 cxd6 19. Ne4 Qe7 20. Bg4
Bxg4 21. Qxg4 Rf4 22. Qh5 Ref8 23. c4 Nd4 24. Qd1 Qh4 25. Re3 Rxf2 26. g3 Qh6
27. Nxf2 Qxe3 0-1

[Event "Plzen, FSB A"]
[Site "?"]
[Date "2000.??.??"]
[Round "8"]
[White "Warnk, T."]
[Black "Epitashvili, K."]
[Result "1-0"]
[WhiteElo "2025"]
[BlackElo "2100"]
[PlyCount "117"]
[EventDate "2000.??.??"]
[Source "ChessBase"]
[SourceDate "1996.11.15"]

1. d4 Nf6 2. Nf3 g6 3. c4 Bg7 4. Bf4 d6 5. Nc3 O-O 6. h3 Nc6 7. e3 Qe8 8. d5 e5
9. Bh2 Ne7 10. Be2 Nd7 11. O-O a5 12. a3 f5 13. Nb5 Qd8 14. Qc2 a4 15. Ne1 Nc5
16. Nd3 Nb3 17. Rad1 g5 18. Nc1 Nxc1 19. Qxc1 f4 20. c5 Nf5 21. cxd6 cxd6 22.
Bd3 Bd7 23. Nc3 f3 24. g4 Nh4 25. Bg3 h5 26. Bxh4 gxh4 27. Qc2 hxg4 28. Bh7+
Kh8 29. hxg4 h3 30. Kh2 Qh4 31. Bf5 Bxf5 32. gxf5 Bh6 33. Qe4 Qh5 34. Rg1 Rg8
35. Rg3 Rxg3 36. fxg3 Rf8 37. g4 Qg5 38. Qxf3 Rg8 39. Ne4 Qxg4 40. Qxg4 Rxg4
41. Nxd6 Bxe3 42. Kxh3 Rd4 43. Rxd4 exd4 44. Kg4 d3 45. Kf3 Bd4 46. Nb5 Bxb2
47. Ke3 Kg7 48. Kxd3 Kf6 49. Ke4 Ke7 50. d6+ Kd7 51. Kd5 b6 52. Kc4 Bxa3 53.
Nxa3 Kxd6 54. Kd4 Ke7 55. Ke5 Kf7 56. f6 Kf8 57. Ke6 Ke8 58. f7+ Kf8 59. Nb5
1-0

[Event "Plzen, FSB A"]
[Site "?"]
[Date "2000.??.??"]
[Round "8"]
[White "Snaidr, J."]
[Black "Houska, B."]
[Result "1-0"]
[WhiteElo "2015"]
[BlackElo "1960"]
[PlyCount "77"]
[EventDate "2000.??.??"]
[Source "ChessBase"]
[SourceDate "1996.11.15"]

1. d4 d6 2. Nf3 g6 3. c4 Bg7 4. Nc3 Nf6 5. g3 O-O 6. Bg2 Nbd7 7. O-O e5 8. e4
exd4 9. Nxd4 Re8 10. b3 Nc5 11. f3 a5 12. Bg5 h6 13. Be3 Kh7 14. Qd2 Nfd7 15.
Rad1 Ne5 16. Ndb5 Ne6 17. Nd5 Bd7 18. Ndxc7 Nxc7 19. Nxd6 Rf8 20. f4 Ng4 21.
Bc5 Bc6 22. Qe2 h5 23. h3 Nf6 24. Nxf7 Qe8 25. Ng5+ Kh8 26. Bxf8 Bxf8 27. e5
Bc5+ 28. Kh2 Ng8 29. Bxc6 Qxc6 30. Qe4 a4 31. Qxc6 bxc6 32. Rd7 Ne7 33. Rxc7
axb3 34. axb3 Ra2+ 35. Kh1 Nf5 36. Rc8+ Kg7 37. Ne6+ Kf7 38. Nxc5 Nxg3+ 39. Kg1
1-0

[Event "Plzen, FSB A"]
[Site "?"]
[Date "2000.??.??"]
[Round "8"]
[White "Postupa, P."]
[Black "Barton, J."]
[Result "1-0"]
[WhiteElo "2165"]
[BlackElo "1940"]
[PlyCount "25"]
[EventDate "2000.??.??"]
[Source "ChessBase"]
[SourceDate "1996.11.15"]

1. e4 d5 2. exd5 Nf6 3. c4 c6 4. d4 cxd5 5. Nf3 Nc6 6. Nc3 Bg4 7. cxd5 Nxd5 8.
Qb3 Bxf3 9. gxf3 Ndb4 10. d5 Nd4 11. Bb5+ Nxb5 12. Nxb5 Nxd5 13. Qxd5 1-0

[Event "Plzen, FSB A"]
[Site "?"]
[Date "2000.??.??"]
[Round "8"]
[White "Jenicek, J."]
[Black "Janke, G."]
[Result "1-0"]
[WhiteElo "2135"]
[BlackElo "1820"]
[PlyCount "65"]
[EventDate "2000.??.??"]
[Source "ChessBase"]
[SourceDate "1996.11.15"]

1. Nf3 d5 2. c4 c6 3. b3 Bf5 4. Bb2 Nd7 5. d3 Ngf6 6. Nbd2 e6 7. g3 Bd6 8. Bg2
O-O 9. O-O Re8 10. e4 Bg4 11. h3 Bxf3 12. Nxf3 e5 13. cxd5 cxd5 14. exd5 Qa5
15. Nd2 b5 16. a3 Qb6 17. Rc1 Rac8 18. Rc6 Rxc6 19. dxc6 Nc5 20. Nf3 Na6 21.
Re1 Qc7 22. Qc2 Nb8 23. Ng5 h6 24. Ne4 Nxe4 25. Bxe4 Re6 26. Bd5 Re8 27. d4 Re7
28. dxe5 Na6 29. Qf5 Nb8 30. Kh2 Bxe5 31. Bxe5 Qa5 32. Qc8+ Kh7 33. Be4+ 1-0

[Event "Plzen, FSB A"]
[Site "?"]
[Date "2000.??.??"]
[Round "8"]
[White "van Dijk, T."]
[Black "Kafka, L."]
[Result "1-0"]
[WhiteElo "2040"]
[BlackElo "1925"]
[PlyCount "49"]
[EventDate "2000.??.??"]
[Source "ChessBase"]
[SourceDate "1996.11.15"]

1. e4 c5 2. Nf3 e6 3. d4 cxd4 4. Nxd4 a6 5. Be2 b5 6. f4 Bb7 7. Bf3 Qb6 8. Be3
Bc5 9. c3 Qc7 10. Nd2 Nf6 11. Qe2 d6 12. O-O Nbd7 13. Rad1 O-O 14. Kh1 e5 15.
Nf5 Bxe3 16. Qxe3 Nc5 17. fxe5 dxe5 18. Nxg7 Nfxe4 19. Nf5 Kh8 20. Nxe4 Nxe4
21. Bxe4 Bxe4 22. Qxe4 Rad8 23. Rxd8 Rxd8 24. Qh4 Qb6 25. Qe7 1-0

[Event "Plzen, FSB A"]
[Site "?"]
[Date "2000.??.??"]
[Round "8"]
[White "Schwarz, M."]
[Black "Rerabkova, L."]
[Result "1-0"]
[WhiteElo "1960"]
[BlackElo "2015"]
[PlyCount "49"]
[EventDate "2000.??.??"]
[Source "ChessBase"]
[SourceDate "1996.11.15"]

1. c4 Nf6 2. g3 g6 3. Bg2 Bg7 4. Nc3 O-O 5. d3 d6 6. e3 e5 7. Nge2 Nc6 8. O-O
Be6 9. Rb1 a5 10. a3 Qd7 11. Re1 Bh3 12. Bh1 Nh5 13. b4 axb4 14. axb4 Rab8 15.
b5 Ne7 16. d4 Qe6 17. Nd5 Kh8 18. dxe5 Bxe5 19. Nef4 Nxf4 20. exf4 Nxd5 21.
cxd5 Qf5 22. Be4 Qd7 23. fxe5 dxe5 24. b6 f5 25. Bh1 1-0

[Event "Plzen, FSB A"]
[Site "?"]
[Date "2000.??.??"]
[Round "8"]
[White "Polak, B."]
[Black "Svoboda, J."]
[Result "1/2-1/2"]
[WhiteElo "2005"]
[BlackElo "1820"]
[PlyCount "63"]
[EventDate "2000.??.??"]
[Source "ChessBase"]
[SourceDate "1996.11.15"]

1. g3 d5 2. Nf3 c5 3. Bg2 Nc6 4. O-O e5 5. d3 Bd6 6. e4 d4 7. Nbd2 Bg4 8. h3
Bh5 9. a3 Nf6 10. Qe1 Qd7 11. Nh4 O-O-O 12. b4 cxb4 13. Nc4 Ne8 14. axb4 Bxb4
15. Bd2 Bxd2 16. Qxd2 f6 17. Rxa7 Kc7 18. Rfa1 Nd6 19. Nxd6 Qxd6 20. Nf5 Qd7
21. R7a4 Bg6 22. Rc4 Ra8 23. Rb1 Kd8 24. Rc5 Ne7 25. Nxe7 Qxe7 26. Qb4 Ke8 27.
Qxb7 Qxb7 28. Rxb7 Rf8 29. Rcc7 Rf7 30. Rxf7 Bxf7 31. Rc7 Ra1+ 32. Kh2 1/2-1/2

[Event "Plzen, FSB A"]
[Site "?"]
[Date "2000.??.??"]
[Round "8"]
[White "Zeleny, T."]
[Black "Chalupecky, V."]
[Result "0-1"]
[WhiteElo "1785"]
[BlackElo "1970"]
[PlyCount "46"]
[EventDate "2000.??.??"]
[Source "ChessBase"]
[SourceDate "1996.11.15"]

1. e4 c5 2. d4 cxd4 3. c3 dxc3 4. Nxc3 Nc6 5. Nf3 d6 6. Bc4 e6 7. O-O Be7 8.
Qe2 a6 9. Rd1 Qc7 10. Bf4 b5 11. Bxb5 axb5 12. Nxb5 Qb6 13. Bxd6 Ba6 14. a4
Bxb5 15. axb5 Rxa1 16. Rxa1 Bxd6 17. bxc6 Ne7 18. Qd3 Qd8 19. Ra7 Bxh2+ 20.
Kxh2 Qxd3 21. Ne5 Qd8 22. Rd7 Qc8 23. b4 Nxc6 0-1

[Event "Plzen, FSB A"]
[Site "?"]
[Date "2000.??.??"]
[Round "8"]
[White "Hoff, T."]
[Black "Hampek, M."]
[Result "1-0"]
[WhiteElo "2050"]
[BlackElo "1835"]
[PlyCount "72"]
[EventDate "2000.??.??"]
[Source "ChessBase"]
[SourceDate "1996.11.15"]

1. Nf3 Nf6 2. g3 b6 3. Bg2 Bb7 4. d3 e6 5. e4 d6 6. O-O Be7 7. Nbd2 O-O 8. Re1
Nbd7 9. a4 c5 10. a5 Qc7 11. Nc4 b5 12. a6 Bc6 13. Na5 Rab8 14. Nxc6 Qxc6 15.
e5 Nd5 16. c4 Nc7 17. Nd4 Qb6 18. Nc6 Rbe8 19. exd6 Bxd6 20. cxb5 Nxb5 21. Bd2
Kh8 22. Ba5 Qxa6 23. Bc7 Qc8 24. Bxd6 Nxd6 25. Rxa7 Nb8 26. Qa4 Nxc6 27. Bxc6
Rd8 28. Rc1 Qb8 29. Qa2 Nc8 30. Rb7 Qd6 31. Bb5 Ne7 32. Qc4 Nc6 33. Qxc5 Nd4
34. Qxd6 Rxd6 35. Rcc7 Nxb5 36. Rxf7 Kg8 1-0